Boj proti praniu špinavých peňazí ako súčasť boja proti terorizmu
Pranie špinavých peňazí - legalizácia príjmov z trestnej činnosti. Pranie špinavých peňazí je v súčasnosti diskutovanou témou v národnom aj medzinárodnom meradle. Pranie špinavých peňazí je fenomén, ktorý je sprievodným znakom organizovaného zločinu. Kroky podniknuté v medzinárodnom meradle na elimi...
Saved in:
| Main Author: | |
|---|---|
| Format: | Book Chapter |
| Language: | Slovak |
| Subjects: | |
| Tags: |
No Tags, Be the first to tag this record!
|
MARC
| LEADER | 00000naa$a2200000$$$4500 | ||
|---|---|---|---|
| 001 | 0040067 | ||
| 005 | 20221207085312.0 | ||
| 041 | 0 | |a slo | |
| 044 | |a SK | ||
| 245 | 1 | 0 | |a Boj proti praniu špinavých peňazí ako súčasť boja proti terorizmu |c Lucia Gáliková |
| 520 | |a Pranie špinavých peňazí - legalizácia príjmov z trestnej činnosti. Pranie špinavých peňazí je v súčasnosti diskutovanou témou v národnom aj medzinárodnom meradle. Pranie špinavých peňazí je fenomén, ktorý je sprievodným znakom organizovaného zločinu. Kroky podniknuté v medzinárodnom meradle na elimináciu nebezpečenstiev, ktoré prináša pranie špinavých peňazí. Snaha o zamedzenie financovania terorizmu. | ||
| 610 | 2 | 0 | |a pranie špinavých peňazí |
| 610 | 2 | 0 | |a činnosť trestná |
| 610 | 2 | 0 | |a terorizmus |
| 610 | 2 | 0 | |a financovanie |
| 610 | 2 | 0 | |a spolupráca medzinárodná |
| 610 | 2 | 0 | |a legislatíva |
| 100 | 1 | |a Gáliková, Lucia | |